000 00579cam a22002053a 4500
001 39140
003 PGUSA
005 20140828083853.0
008 120314s2012||||xxu|||||s|||||000 | eng d
040 _aPGUSA
_beng
042 _adc
100 1 _aGabel, Norman E.,
_d-1961
245 1 2 _aA Racial Study of the Fijians
_h[electronic resource] /
_cNorman E. Gabel
260 _bProject Gutenberg,
_c2012
506 _aPublic domain in the USA.
516 _aElectronic text
830 0 _aProject Gutenberg
_v39140
856 4 0 _uhttp://www.gutenberg.org/ebooks/39140
942 _cEB
999 _c268393
_d268393